01222njm a2200409 c 4500001000200000003000900002005001700011008003000028015000600058017000900064020001800073028000900091035000600100040002500106082002300131084000900154100004300163240001200206245004500218246002600263260003800289300002700327490002500354500000600379504003200385505000600417511010600423590002600529600006500555651003500620700004900655910001500704942001200719945002600731956003800757999001700795 DO-SdBNP20220920104811.0160127s 2008 sp d spa a  a b  a897849764576800a b  a  aBPMSUbspacBPMSUe  a923.146bF363D222 a 2 1 aRodríguez Méndez, Berta,d1970-4 10a n r 10aBeethoven /cBerta Rodríguez Méndez.14aLudwig van Beethoven. aBarcelona :bEdimat Libros,c2006 a189 p. ;c23 cm.e b 0 aGrandes biografías a  aBibliografía. p.: 187-1880 a 1 aLudwig Trio ; Hyo-Sun Lim, piano ; Orquesta Sinfónica de Galicia ; Víctor Pablo Pérez, director 6Inventariado, 2022/VM14aFernando bV, cEl Católico, Rey de España, d1452-1510. 4aEspañaxHistoriay1452-1516.12aBeethoven, Ludwig vand1770-1827t m n r  aVMateo V.  2ddccBK aInventariado, 2018/LP aVMATEOb10c20160614dBPMSUf0069 c14269d14269